000 01019nam a22002177a 4500
001 1857
005 20231005101819.0
020 _a9781407139548
040 _aFISKH
_beng
_cFISKH
_dFISKH
050 _aPZ
082 _a823.92
100 _aCollins, Poppy
245 _aBluebell
_bin dream mountain
_cPoppy Collins
260 _aLondon :
_bScholastic,
_c2014
300 _a80, 9 unnumbered pages :
_billustrations ;
_c20 cm
505 _aQ
520 _aThe fairy princesses have been invited to a ball in DREAM MOUNTAIN! It's the biggest event of the year, and they can't wait to wear the perfect outfits. But when they get to the mountain, things start disappearing. Accessories go missing, and tiaras vanish! Bluebell must use all of her detective skills to find their missing A-line multi-tiered ballgowns, and eventually a trail of sparkles (and some help from the dream fairies) leads them to a meeting with the Dream Queen herself.
521 _a870
_bLexile
521 _aQ
_bRaz-Plus
942 _2ddc
_cBK
_n0
999 _c1857
_d1857